00461nam a2200169Ia 4500003000900000008004100009020001800050040001600068080001500084100002300099245006400122260004300186300001500229650001300244650001600257700001800273IN-BaIIA211028s9999 xx 000 0 eng d a81-224-0308-5 cIIA Library a517.2bBAL aBalachandra Rao, S 0aDifferential calculuscS. Balachandra Rao and C. K. Shantha aNew DelhibNew Age Internationalc2001 aiii, 501p. aCalculus aMathematics aShantha, C. K